| 000 | 00493nam a2200157Ia 4500 | ||
|---|---|---|---|
| 008 | 160316s1978 xxu||||| |||| 00| 0 eng d | ||
| 082 |
_a341.481000 _bJOY-III |
||
| 100 | _aJoyce James Avery | ||
| 245 | _aHuman rights.Vol.III : International documents of inter governmental and non governmental organisation | ||
| 250 | _a | ||
| 260 |
_aNew York _bSijthoff & Noordhoff _c1978 |
||
| 300 |
_a1707 _b _cxi |
||
| 365 | _b | ||
| 650 | _a1.International Law - Human Rights - Documents | ||
| 700 |
_a _a |
||
| 999 |
_c9672 _d9672 |
||